| 000 | 00431nam a2200205Ia 4500 | ||
|---|---|---|---|
| 001 | 13152 | ||
| 003 | GE_BSU | ||
| 008 | 181216s||||||||xx |||||||||||||| ||und|| | ||
| 020 | _a0099307308 | ||
| 040 | _cGE_BSU | ||
| 080 | _a821.111-312.4 | ||
| 100 | _aReichs,Kathy. | ||
| 245 | _aGrave Secrets. | ||
| 260 | _aLondon. | ||
| 260 | _bArrow. | ||
| 260 | _c2002 | ||
| 300 | _a420p;18cm. | ||
| 653 | _aGrave Secrets. | ||
| 942 | _cBK | ||
| 999 |
_c46316 _d46316 |
||